00736nam a2200193 a 4500001001000000003000900010005001700019008004100036040002500077049000900102245013100111260003100242300002000273500006800293700004400361942001400405952010600419999001700525000031666DO-SdBNP20210630095505.0110629s1995 dr 000 0 spa d aDO-SdBNPbspacBNPHU aBNPD00aRecopilación poética sobre el Dr. Joaquín Balaguer Ricardo y otros versos /ccompilador Hungría Vásquez Hernández. aNew York :b[s.n.],c1995. a42 p. ;c22 cm. aIncluye datos biográficos del compilador en la comtracubierta1 aVásquez Hernández, Hungría957959 2ddccLBS1 00107-18PDaPDbPDcOId2011-06-29iLF1l0o p31666-10r2020-06-25w2020-06-25yLFPDZNo se presta c31158d31158